000 00289nam a2200109Ia 4500
008 200302s9999 xx 000 0 und d
100 _aPhilipp Meuser
245 _aConstruction and Design Manual Accessible Architecture
260 _bDom Publishing Co.,
260 _c2012
300 _a303 P.,
999 _c3159
_d3159